Una Giovane Donna In Rivolta

Збережено в:
Бібліографічні деталі
Автор: Alberto Moravia
Формат: Книга
Мова:Невідома мова
Опубліковано: Tascabili Bompiani
Теги: Додати тег
Немає тегів, Будьте першим, хто поставить тег для цього запису!

MARC

LEADER 00000nam a2200000Ia 4500
001 R-776
003 CODICE-MESSINA
005 20260212102457.0
008 260211s9999 xx 000 0 und d
040 |c importazione_messina 
100 |a Alberto Moravia 
245 0 |a Una Giovane Donna In Rivolta 
260 |b Tascabili Bompiani 
942 |2 ddc  |c BK 
952 |0 0  |1 0  |2 ddc  |4 0  |6 SCAFFALE_7_000000000000000__ROMANZI  |7 0  |9 31603  |a ME  |b ME  |d 2026-02-11  |l 0  |o SCAFFALE 7 - ROMANZI  |p R-776  |r 2026-02-11 23:52:39  |w 2026-02-11  |x [REVISIONARE]  |y BK 
999 |c 27268  |d 27268